Cyclisme : Top 20 du Tour de France 2024 - Statistiques

Statistiques générales
  • Ce quiz a été pris 3 544 fois
  • Le résultat moyen est 12 sur 20
Statistiques - réponses
Position Equipe Coureur % Correct
1er UAE Team Emirates Tadej Pogacar
100%
2eme Visma Lease a Bike Jonas Vingegaard
98%
3eme Soudal Quick Step Remco Evenepoel
91%
6eme UAE Team Emirates Adam Yates
86%
12eme Jayco AlUla Simon Yates
85%
4eme UAE Team Emirates Joao Almeida
75%
5eme Soudal Quick Step Mikel Landa
71%
13eme Cofidis Guillaume Martin
70%
7eme Ineos Grenadier Carlos Rodriguez
66%
8eme Visma Lease a Bike Matteo Jorgenson
62%
14eme Décathlon Ag2r La Mondiale Felix Gall
61%
17eme EF Education Easypost Richard Carapaz
55%
19eme Movistar Team Enric Mas
53%
11eme Lidl Trek Giulio Ciccone
50%
9eme Israel Premier Tech Derek Gee
45%
18eme Red Bull Bora Hansgrohie Jai Hindley
36%
10eme Bahrain Victorious Santiago Buitrago
35%
16eme TotalEnergies Steff Cras
35%
20eme Intermarché Wanty Louis Meintjes
28%
15eme Ineos Grenadier Laurens De Plus
11%
Aucun quiz correspondant
Distribution des résultats
% des personnes avec chaque résultat
Percentile par nombre de réponses
Votre historique - résultats
Vous n’avez pas pris ce quiz